Občianske právo hmotné 2. diel

Bibliographic Details
Main Author: Plank, Karol, 1927-1997 (Author)
Format: Book
Language:Slovak
PhysicalDescription:252 s. 29 cm
Published: Bratislava Slovenské pedagogické nakladateľstvo 1981
Edition:1. vyd.
Series:Vysokoškolské učebné texty
Subjects:

MARC

LEADER 00000cam a2200000 a 4500
001 vtls001101720
003 SK-MaSNL
005 20260301062512.0
008 250313s1981 xo e 000 0 slo
015 |a SNBA1981/05 
035 |a SNK000044562 
035 |a urn:nbn:sk:snk-amlepu 
035 |a urn:nbn:sk:snk-am008ypn 
035 |a 57C416EA-F42F-474B-B58D-4E648225A974 
040 |a SNK  |b slo  |c SNK  |e AACR2 
041 0 |a slo 
044 |a xo  |c SK 
080 |a 347.2/.7(075.8)  |2 1981 
100 1 |a Plank, Karol,  |d 1927-1997  |4 aut  |9 192329 
245 1 0 |a Občianske právo hmotné  |n 2. diel  |c Karol Plank 
250 |a 1. vyd. 
260 |a Bratislava  |b Slovenské pedagogické nakladateľstvo  |c 1981 
300 |a 252 s.  |c 29 cm 
366 |e 800 výt. 
490 1 |a Vysokoškolské učebné texty 
650 0 7 |a občianske právo hmotné  |2 SNKPH  |9 69332 
655 7 |a učebnice vysokých škôl  |2 SNKPH  |9 70191 
830 0 |a Vysokoškolské učebné texty  |9 276539 
852 |a Slovenská národná knižnica 
958 |a OND 
958 |a TL 
958 |a UV 
999 |c 620896  |d 622826 
952 |t P60, <04>, [BOOK], {604}  |a SNK  |b SNK  |y VYP  |7 0  |p 17A0321611  |o snkSB 29435/2 D1  |i snkKSP 4042/81  |0 0  |1 0  |4 0  |d 2001-11-14  |l 0  |r 2004-12-31 00:00:00  |w 2026-02-23 
952 |a SNK  |b SNK  |y PREZ  |7 0  |p 17A0986931  |o snkSB 29435/2  |i snkKSP 4041/81  |0 0  |1 0  |4 0  |d 2012-07-30  |f 1  |l 0  |r 2025-04-02 00:00:00  |w 2026-02-23